000 00583nam a2200181Ia 4500
008 090123s9999 xx 000 0 und d
082 _b39145
_a891.463/खरे
100 _aखरे नंदा
245 _aनांगरल्याविण भुई
250 _a1
260 _bग्रंथाली प्रकाशन
_c2005
300 _a178
600 _aखरे नंदा
630 _aनांगरल्याविण भुई
700 _aखरे नंदा
730 _aनांगरल्याविण भुई
942 _cBOOK
999 _c77206
_d77206